000 00733nas a2200229 i 4500
005 20260505160318.0
008 260505d ua fu|j| |||| 00| 0 ara d
040 _aEG-GICUC
_cEG-GICUC
_dEG-GICUC
_erda
082 0 4 _a343.1
_221
245 0 0 _aمجلة كلية الشرطة.
_bالعدد الخامس 1994 /
264 0 1 _aالقاهرة :
_bكلية الشرطة،
_c1994 -
300 _aمجلد ؛
_c30 سم.
336 _2rda content
_aText
337 _2rda media
_aunmediated
338 _2rda carrier
_avolume
362 0 _a.
500 _aيوليو 1994.
650 0 4 _aالقانون الجنائي
_vدوريات
856 _uhttps://fll.law.cu.edu.eg/fulltext/cr/S10-00343.pdf
905 _a9
942 _2ddc
_cCR
_n0
999 _c75825
_d75825